Etiqueta de registo: 00652cam 2200241 450
001 1016779
003 http://id.bnportugal.gov.pt/bib/catbnp/1016779
010 ## $a972-690-349-1
021 ## $aPT$b139526/99
100 ## $a20000317d1999 m y0pory01030103ba
101 0# $apor
102 ## $aPT
105 ## $aa z 001yy
106 ## $ar
200 1# $a Os dias do deserto$e um acampamento com jovens$fCarla Monteiro, Rui Alberto
210 #9 $aPorto$cSalesianas,$d1999
215 ## $a215 p.$cil.$d20 cm
225 2# $aTempo de sol$v9
675 ## $a27-29$vBN$zpor$3290051
700 #1 $aMonteiro,$bCarla$3942120
701 #1 $aAlberto,$bRui$4070$3273899
966 ## $lBN$mFGMON$sR. 40261 P.$x1
966 ## $lBN$mFGMON$sR. 40261 P.$x1
Etiqueta de registo: 00230nam 2200025 450
001 1918092
003 http://id.bnportugal.gov.pt/bib/catbnp/1918092
010 ## $a978-989-617-923-6
021 ## $aPT$b330744/10
100 ## $a20151216d2011 m y0pory01030103ba
101 0# $apor
102 ## $aPT
105 ## $ay z 000gy
106 ## $ar
200 1# $a O desvendar das emoções$fCarla Monteiro
205 ## $a1ª ed
210 #9 $a[Vila Nova de Gaia]$cCorpos,$d2011
215 ## $a51, [2] p.$d17 cm
225 2# $aWorld art friends XII
675 ## $a821.134.3-1"20"$vBN$zpor$31023893
700 #1 $aMonteiro,$bCarla$3942120
801 #0 $aPT$bBN$gRPC
856 41 $uhttp://rnod.bnportugal.gov.pt/ImagesBN/winlibimg.aspx?skey=&doc=1918092&img=70316&save=true
900 ## $aBIBNAC$d20151228
966 ## $lBN$mFGMON$sL. 111386 P.$x1
Etiqueta de registo: 00230ncm 2200025 450
001 2282698
003 http://id.bnportugal.gov.pt/bib/catbnp/2282698
010 ## $a978-989-33-8179-3
021 ## $aPT$b551692/25
100 ## $a20260323d2025 m y0pory01030103ba
101 0# $apor
102 ## $aPT
106 ## $ar
200 1# $aPequenas canções para grandes corações$bMúsica impressa]$fAlberto Moreira$gil. Yohan Girod$gpintou Carla Monteiro
205 ## $a1ª ed
210 #9 $a[S.l.$cs.n.],$d2025$eBraga$gGraf. Diário do Minho)
215 ## $a1 partitura (25 p.)$d17 cm
500 10 $aCanções,$rVV
606 ## $aMúsica para crianças$j[Música impressa]$2SIPOR$31228501
675 ## $a784.67$vBN$zpor$3336611
675 ## $a78.089.6$vBN$zpor$3536969
700 #1 $aMoreira,$bAlberto,$f1965-$31745744
702 #1 $aGirod,$bYohan$4440$31993102
702 #1 $aMonteiro,$bCarla$4440$3942120
801 #0 $aPT$bBN$gRPC
900 ## $aBIBNAC$d20260323
966 ## $lBN$mMUSICA$sM.P. 896 P. $x1
966 ## $lBN$mMUSICA$sM.P. 896 P.-D $x1
971 ## $cjamaral$d20260323